000 00456nam a2200145Ia 4500
008 210716s2015 xx 000 0 und d
020 _a9789332544376
041 _aeng
082 _a658.56 HEIJ
100 _aHeizer, Jay;Render, Barry.
245 _aOperations management: sustainability and supply chain management.
_bSustainability and supply chain management.
250 _a11
260 _aNew Delhi
_bPearson Education
_c2015
300 _axxviii,116
999 _c210162
_d210162